| 000 | 00391 a2200133 4500 | ||
|---|---|---|---|
| 005 | 20250609142030.0 | ||
| 020 | _a0-220-67005-6 | ||
| 082 | _aLECT 658.311 GOO | ||
| 100 | _aGOODWORTH, C. T. | ||
| 245 | _aEffective interviewing for employment selection | ||
| 260 |
_aLondon, _bBusiness Books Ltd., _c1980. |
||
| 300 |
_axv, 138p.: ill.; figure, picture. _bIndex, _c24cm. |
||
| 942 |
_2ddc _cBKS |
||
| 999 |
_c3538 _d3538 |
||